000 00527nam a2200157 a 4500
001 000029405
005 20200930055528.0
008 110415s2005 dr c 000 0 spa d
040 _aDO-SdBNP
_bspa
_cBNPHU
082 _axxxx
_bB333d
111 2 _a[Exposición Domingo Batista XL]
_n(40a. :
_d2005, jul 5-2 oct.
_cSantiago de los Caballeros)
_956277
245 1 0 _aDomingo Batista XL :
_bcaminando con la luz.
260 _aSantiago de los Caballeros :
_bCentro León,
_c2005.
300 _a80 p. :
_bretrs. ;
_c29 p.
049 _aBNPD
999 _c28897
_d28897